[Event "ARG-ch Amateur U2300"]
[Site "Suipacha"]
[Date "2017.11.17"]
[Round "2.14"]
[White "Alvarez, Leandro"]
[Black "Zilli, Lauriano"]
[Result "1-0"]
[WhiteElo "2092"]
[BlackElo "1720"]
[PlyCount "80"]
[EventDate "2017.11.17"]
[EventType "swiss"]
[EventRounds "8"]
[EventCountry "ARG"]
[SourceTitle "EXT 2024"]
[Source "ChessBase"]
[SourceDate "2023.10.10"]
[SourceVersion "1"]
[SourceVersionDate "2023.10.10"]
[SourceQuality "1"]

1. e4 c5 2. Nc3 Nc6 3. g3 e6 4. Bg2 Nf6 5. d3 Be7 6. f4 d6 7. Nf3 e5 8. 0-0 h6 9. Kh1 Rb8 10. a4 a6 11. Nd5 Be6 12. Nxf6+ Bxf6 13. f5 Bd7 14. Be3 Qc7 15. c3 Ne7 16. Qe2 Bc6 17. c4 0-0 18. g4 b5 19. axb5 axb5 20. b3 bxc4 21. bxc4 Ra8 22. Rxa8 Rxa8 23. h4 Nc8 24. g5 Be7 25. gxh6 f6 26. Rg1 Be8 27. Bh3 Bf8 28. hxg7 Bxg7 29. Bh6 Ra1 30. Bf1 Bh5 31. Rxg7+ Qxg7 32. Bxg7 Kxg7 33. Kh2 Nb6 34. Qb2 Ra6 35. Be2 Kh6 36. Ng1 Be8 37. Bd1 Nd7 38. Ne2 Rb6 39. Qd2+ Kh7 40. Ba4 Ra6 1-0